<?xml version="1.0" encoding="UTF-8"?>
<record
    xmlns:xsi="http://www.w3.org/2001/XMLSchema-instance"
    xsi:schemaLocation="http://www.loc.gov/MARC21/slim http://www.loc.gov/standards/marcxml/schema/MARC21slim.xsd"
    xmlns="http://www.loc.gov/MARC21/slim">

  <leader>00658nam a2200205Ia 4500</leader>
  <controlfield tag="003">OSt</controlfield>
  <controlfield tag="005">20240917162106.0</controlfield>
  <controlfield tag="008">210210b2001   xxu||||| |||| 00| 0 eng d</controlfield>
  <datafield tag="040" ind1=" " ind2=" ">
    <subfield code="c">AL</subfield>
  </datafield>
  <datafield tag="041" ind1=" " ind2=" ">
    <subfield code="a">Konkani</subfield>
  </datafield>
  <datafield tag="082" ind1=" " ind2=" ">
    <subfield code="a">891.468 KONB</subfield>
  </datafield>
  <datafield tag="100" ind1=" " ind2=" ">
    <subfield code="a">KONKANI MAHAMANEST LEKHANAMALA.</subfield>
    <subfield code="9">179253</subfield>
    <subfield code="d"> &#xC95;&#xCCA;&#xC82;&#xC95;&#xCA3;&#xCBF; &#xCAE;&#xCB9;&#xCBE;&#xCAE;&#xCA8;&#xCC6;&#xCB8;&#xCCD;&#xCA4;&#xCCD; &#xCB2;&#xCC7;&#xC96;&#xCA8;&#xCAE;&#xCBE;&#xCB2;&#xCBE;</subfield>
  </datafield>
  <datafield tag="245" ind1=" " ind2=" ">
    <subfield code="a">Bidaram Krashnappa.</subfield>
    <subfield code="b">&#xCAC;&#xCBF;&#xCA1;&#xCBE;&#xCB0;&#xC82; &#xC95;&#xCC3;&#xCB7;&#xCCD;&#xCA3;&#xCAA;&#xCCD;&#xCAA;</subfield>
  </datafield>
  <datafield tag="260" ind1=" " ind2=" ">
    <subfield code="a">Manglur.</subfield>
    <subfield code="b">Karnataka Konkani Sahitya Akademy.</subfield>
    <subfield code="c">2001</subfield>
  </datafield>
  <datafield tag="300" ind1=" " ind2=" ">
    <subfield code="a">57</subfield>
  </datafield>
  <datafield tag="650" ind1=" " ind2=" ">
    <subfield code="a">Bidaram Krishnappa</subfield>
    <subfield code="9">179254</subfield>
  </datafield>
  <datafield tag="690" ind1=" " ind2=" ">
    <subfield code="a">Konkani Biography</subfield>
    <subfield code="9">179255</subfield>
  </datafield>
  <datafield tag="906" ind1=" " ind2=" ">
    <subfield code="a">058604</subfield>
  </datafield>
  <datafield tag="942" ind1=" " ind2=" ">
    <subfield code="2">ddc</subfield>
    <subfield code="c">BK</subfield>
  </datafield>
  <datafield tag="999" ind1=" " ind2=" ">
    <subfield code="c">105711</subfield>
    <subfield code="d">105711</subfield>
  </datafield>
  <datafield tag="952" ind1=" " ind2=" ">
    <subfield code="0">0</subfield>
    <subfield code="1">0</subfield>
    <subfield code="2">ddc</subfield>
    <subfield code="4">0</subfield>
    <subfield code="7">0</subfield>
    <subfield code="8">KON</subfield>
    <subfield code="a">AL</subfield>
    <subfield code="b">AL</subfield>
    <subfield code="d">2021-02-17</subfield>
    <subfield code="e">Konkani Language &amp; Cultural Foundation, Mangalore</subfield>
    <subfield code="g">10.00</subfield>
    <subfield code="l">0</subfield>
    <subfield code="o">891.468 KONB</subfield>
    <subfield code="p">058604</subfield>
    <subfield code="r">2021-02-17 00:00:00</subfield>
    <subfield code="w">2021-02-17</subfield>
    <subfield code="y">BK</subfield>
  </datafield>
</record>
